Metal Gear Solid Geography - Statistics

General Stats
  • This quiz has been taken 76 times
  • The average score is 4 of 15
Answers on the Map
Answers color-coded by a green-red scale on the quiz's map according to % correct below.
 
Answer Stats
Answer % Correct
Mother Base
52%
Angola-Zaire Border
41%
Shadow Moses Island
38%
Tselinoyarsk
34%
Arlington National Cemetery
28%
Country where EVA is a spy of
28%
San Hieronymo Peninsula
24%
Afghanistan (MGSV area)
21%
Base from Ground Zero
21%
Big Shell
21%
Country with the capital of the Soviet Union
21%
Dhekelia Soverign National Base
10%
Outer Heaven
7%
Country where Naked Snake enters the USSR from
3%
Zanzibarland
3%
No matching quizzes found
Score Distribution
Percent of People with Each Score
Percentile by Number Answered
Your Score History
You have not taken this quiz